=LDR 00000nam 2200000 4500 =001 INLIS000000000039149 =005 20130612144810 =008 ***********************************Ind** =035 ##$$a0010-061300000039149 =041 ##$$a Ind =082 ##$$a 632.9 =090 ##$$a 632.9, Sun p =100 ##$$a Sunandar, Meidiantie =245 ##$$a Petunjuk praktis membuat pestisida organik, Meidiantie Soenandar, Muanis Nur Aeni =260 ##$$a 2010 $b Jakarta =300 ##$$a iv, 64 hlm, ilus, 23 cm =650 ##$$a Pestisida =700 ##$$a Aeni, Muanis Nur =850 ##$$a NBPNMAT =990 ##$$a 91697/BPAP-NTB/2014 =990 ##$$a 07390739 =990 ##$$a 91697/BPAP-NTB/2014 =990 ##$$a 01201900739